000 00828nam a22002897a 4500
001 BR8805116
003 BR-BrBNA
005 20230928093010.0
007 ta
008 230509b bl.||||| |||| 00| 0 por d
040 _aBR-BrBNA
_bpor
_cBiblioteca Nacional de Agricultura
041 _a(Por)
072 _aL01
_b7110
_b/G514
090 _ 7110 BR8805116
110 1 _aConfederacao Brasileira de Apicultura, Florianopolis, SC (Brasil)
_92513
245 1 _aContribuicao para o desenvolvimento da apicultura no Brasil, pela alimentacao e prosperidade humana
260 3 _aFlorianopolis, SC (Brasil):
_c1976.
300 _a42 p.
650 _aAPICULTURA
650 _aMANEJO
650 _aABELHA
650 _aCRIACAO
650 _aMEL
650 _aPRODUCAO
909 _a202309
_bLucia
_c55
_dLucia Elande
942 _cBK
999 _c42450
_d42450